| 000 | 00354nam a2200121Ia 4500 | ||
|---|---|---|---|
| 008 | 210430s9999 xx 000 0 und d | ||
| 082 | _a338.0973 R322 H | ||
| 100 | _aCharles D .Reese | ||
| 245 |
_aIndustrial Safety and Health for People-Oriented Services _cCharles D .Reese |
||
| 260 |
_aLondon _bDRD Press _c2009 |
||
| 300 | _a450 p | ||
| 942 |
_cBK _2ddc |
||
| 999 |
_c565061 _d565061 |
||